书目信息 |
| 题名: |
你领导, 他们跟从
|
|
| 作者: | 凯赫, , 戈登, 著 ;轶群 译 | |
| 分册: | ||
| 出版信息: | 北京 华夏出版社 2004.05 |
|
| 页数: | 282页 | |
| 开本: | 23cm | |
| 丛书名: | 华夏经管 | |
| 单 册: | ||
| 中图分类: | F272.91 | |
| 科图分类: | ||
| 主题词: | 企业领导学 | |
| 电子资源: | ||
| ISBN: | 7-5080-3484-8 | |
| 000 | 01148nam 2200289 450 | |
| 001 | 0131297415 | |
| 005 | 20050907095340.11 | |
| 010 | @a7-5080-3484-8@dCNY25.00 | |
| 100 | @a20050220d2004 km y0chiy0120 ea | |
| 101 | 1 | @achi@ceng |
| 102 | @aCN@b110000 | |
| 105 | @aa z 000yy | |
| 200 | 1 | @a你领导, 他们跟从@Ani ling dao,ta men gen cong@e如何鼓舞、领导和管理你的员工@d= You lead, they'll follow@f(澳) 丹尼尔·凯赫, 斯蒂芬·戈登著@F(ao)dan ni er·kai he,si di fen·ge deng zhu@g轶群译@Gyi qun yi@zeng |
| 210 | @a北京@c华夏出版社@d2004.05 | |
| 215 | @a282页@c图@d23cm | |
| 225 | 2 | @a华夏经管 |
| 330 | @a本书囊括了首席执行官、总裁、业务总监、部门领导和其他管理者必须面对的许多问题,以及解决这些问题的最优办法。 | |
| 410 | 0 | @12001 @a华夏经管 |
| 510 | 1 | @aYou lead@ethey'll follow@zeng |
| 517 | 1 | @a如何鼓舞、领导和管理你的员工@Aru he gu wu、ling dao he guan li ni de yuan gong |
| 606 | 0 | @a企业领导学 |
| 690 | @aF272.91@v4 | |
| 701 | 1 | @a凯赫,@Akai he,@bD.@g(Kehoe, Daniel)@4著 |
| 701 | 1 | @a戈登,@Age deng,@bS.@g(Godden, Stephen)@4著 |
| 702 | 0 | @a轶群@Ayi qun@4译 |
| 801 | 0 | @aCN@bQSSK@c20050907 |
| 905 | @a10447@dF272.91@eK165 | |
| 你领导, 他们跟从:如何鼓舞、领导和管理你的员工= You lead, they'll follow/(澳) 丹尼尔·凯赫, 斯蒂芬·戈登著/轶群译.-北京:华夏出版社,2004.05 |
| 282页:图;23cm.-(华夏经管) |
| ISBN 7-5080-3484-8:CNY25.00 |
| 本书囊括了首席执行官、总裁、业务总监、部门领导和其他管理者必须面对的许多问题,以及解决这些问题的最优办法。 |
| ● |
| 相关链接 |
|
|
|
正题名:你领导, 他们跟从
索取号:F272.91/K165
 
预约/预借
| 序号 | 登录号 | 条形码 | 馆藏地/架位号 | 状态 | 备注 |
| 1 | 561238 | 205612381 | 社科库409/409社科库 89排1列4层/ [索取号:F272.91/K165] | 在馆 | |
| 2 | 561239 | 205612390 | 社科库409/409社科库 89排1列5层/ [索取号:F272.91/K165] | 在馆 | |
| 3 | 561240 | 205612407 | 社科库409/409社科库 89排1列4层/ [索取号:F272.91/K165] | 在馆 |